00441nmm a2200145Ia 4500008004100000020001800041041000800059100002600067245003600093264003900129300001800168490002600186650003200212856005100244251105s9999||||xx |||||||||||||||||und|| a9788446048251 aspa aMedina, Luis Fernando 0aSocialismo, historia y utopía a[Madrid, España] :bAkal, c2019 a176 páginas aPensamiento crítico aPolitical Science (General) uhttps://public.digitaliapublishing.com/a/63491